01320nam a2200301 i 4500001001000000003000900010005001700019007000300036008004100039020001800080040003000098082000700128245006400135264006000199300002600259336002700285337003300312338002800345490004000373504003200413590002600445942001400471952013800485952012600623952013300749952011900882999001701001000048406DO-SdBNP20240605141920.0ta190304s2017 dr 000 0 spa d a9789945910100 aDO-SdBNPbspacBNPHUerda 22200aNormas editoriales AGN :bDepartamento de Investigación / 1aSanto DOmingo :bArchivo General de la Nación,c2017. a178 páginasc27 cm. 2rdacontentatextobtxt 2rdamediaasin mediaciónbn 2rdacarrieravolumenbnc1 aArchivo General de la Naciónv323 aBibliografía : p. 177-178 aInventariado, 2019/VM 2ddccLBS1 00102ddc56708DSaBNPHUbBNPHUcHDd2019-03-04iLF1l0oBNPHU DSp48406-30r2020-06-25te. 3w2020-06-25yLBS1ZPréstamo en sala 00102ddc51708PDaBNPHUbBNPHUcHDd2019-03-04iLF1l0oBNPHU PDp48406-10r2020-06-25w2020-06-25yLBS1ZNo se presta 00102ddc51708PDaBNPHUbBNPHUcHDd2019-03-04iLF1l0oBNPHU PD p48406-20r2020-06-25te. 2w2020-06-25yLBS1ZNo se presta 00102ddc56708DSaBNPHUbBNPHUcHDd2019-03-04iLF1l0oBNPHU DSp2024-3252r2024-06-05te. 4w2020-06-25yLBS1 c47894d47894